00395 a2200109 4500001001000000005001700010008004100027245011800068100002100186773006100207999001700268ART_4719120260410161850.0260409a 10aDe la retórica del dumping a la práctica del antidumping. Análisis de un aspecto del proteccionismo moderno1 aMontuschi, Luisa0 tEconómicag- Año XXXIX, Nº 1/2 (ene. 1993)wREV7541 c24953d24953